[Event "2024 National Middle School Championship"]
[Site "Atlanta, Georgia, United States"]
[Date "2024.05.11"]
[Round "5.9"]
[White "Mynala, Rahul"]
[Black "Yue, Tariq"]
[Result "0-1"]
[TimeControl "G/90;d10"]
[WhiteElo "1946"]
[BlackElo "2124"]

1. d4 {[%clk 01:30:00]} Nf6 {[%clk 01:29:44]} {[%emt 00:00:26]} 2. Nf3 {[%clk
01:30:00]} {[%emt 00:00:07]} g6 {[%clk 01:29:22]} {[%emt 00:00:32]} 3. Nc3
{[%clk 01:29:58]} {[%emt 00:00:12]} d5 {[%clk 01:29:22]} {[%emt 00:00:07]} 4.
Bf4 {[%clk 01:29:58]} {[%emt 00:00:05]} c6 {[%clk 01:29:22]} {[%emt 00:00:08]}
5. e3 {[%clk 01:29:30]} {[%emt 00:00:37]} Bg4 {[%clk 01:28:44]} {[%emt
00:00:48]} 6. Be2 {[%clk 01:29:08]} {[%emt 00:00:32]} Nbd7 {[%clk 01:28:08]}
{[%emt 00:00:47]} 7. h3 {[%clk 01:25:17]} {[%emt 00:04:00]} Bxf3 {[%clk
01:28:04]} {[%emt 00:00:14]} 8. Bxf3 {[%clk 01:25:17]} {[%emt 00:00:01]} Bg7
{[%clk 01:27:43]} {[%emt 00:00:31]} 9. Qd2 {[%clk 01:23:55]} {[%emt 00:01:32]}
O-O {[%clk 01:25:34]} {[%emt 00:02:20]} 10. g4 {[%clk 01:19:14]} {[%emt
00:04:50]} Nb6 {[%clk 01:22:04]} {[%emt 00:03:41]} 11. Be2 {[%clk 01:15:33]}
{[%emt 00:03:50]} Nfd7 {[%clk 01:19:27]} {[%emt 00:02:47]} 12. Bg3 {[%clk
01:15:04]} {[%emt 00:00:39]} e5 {[%clk 01:18:40]} {[%emt 00:00:57]} 13. O-O-O
{[%clk 01:08:42]} {[%emt 00:06:31]} Qe7 {[%clk 01:11:26]} {[%emt 00:07:26]} 14.
h4 {[%clk 01:04:24]} {[%emt 00:04:28]} f5 {[%clk 01:02:11]} {[%emt 00:09:25]}
15. g5 {[%clk 00:55:05]} {[%emt 00:09:29]} f4 {[%clk 00:57:08]} {[%emt
00:05:13]} 16. exf4 {[%clk 00:46:33]} {[%emt 00:08:41]} exd4 {[%clk 00:57:08]}
{[%emt 00:00:10]} 17. Nb1 {[%clk 00:46:33]} {[%emt 00:00:02]} Nc4 {[%clk
00:51:53]} {[%emt 00:05:25]} 18. Bxc4 {[%clk 00:41:51]} {[%emt 00:04:52]} dxc4
{[%clk 00:51:53]} {[%emt 00:00:06]} 19. h5 {[%clk 00:40:54]} {[%emt 00:01:07]}
Nc5 {[%clk 00:45:08]} {[%emt 00:06:55]} 20. hxg6 {[%clk 00:34:26]} {[%emt
00:06:38]} hxg6 {[%clk 00:44:10]} {[%emt 00:01:08]} 21. Rde1 {[%clk 00:33:35]}
{[%emt 00:01:02]} Qf7 {[%clk 00:41:16]} {[%emt 00:03:03]} 22. f3 {[%clk
00:30:37]} {[%emt 00:03:08]} Rfd8 {[%clk 00:35:21]} {[%emt 00:06:04]} 23. Qf2
{[%clk 00:21:48]} {[%emt 00:09:00]} c3 {[%clk 00:32:21]} {[%emt 00:03:10]} 24.
bxc3 {[%clk 00:18:19]} {[%emt 00:03:39]} Qxa2 {[%clk 00:30:08]} {[%emt
00:02:24]} 25. Qh2 {[%clk 00:13:56]} {[%emt 00:04:32]} dxc3 {[%clk 00:29:38]}
{[%emt 00:00:41]} 26. Nxc3 {[%clk 00:11:28]} {[%emt 00:02:37]} Qa1+ {[%clk
00:29:38]} {[%emt 00:00:08]} 27. Nb1 {[%clk 00:11:28]} {[%emt 00:00:03]} Bb2#
{[%clk 00:29:38]} {[%emt 00:00:05]} 0-1

[Event "2024 National Middle School Championship"]
[Site "Atlanta, Georgia, United States"]
[Date "2024.05.11"]
[Round "5.10"]
[White "Tse, Whitney"]
[Black "Das, Aditeya"]
[Result "0-1"]
[TimeControl "G/90;d10"]
[WhiteElo "1940"]
[BlackElo "2120"]

1. d4 {[%clk 01:30:00]} {[%emt 00:00:02]} d5 {[%clk 01:30:00]} {[%emt
00:00:07]} 2. c4 {[%clk 01:30:00]} {[%emt 00:00:03]} c6 {[%clk 01:30:00]}
{[%emt 00:00:08]} 3. Nc3 {[%clk 01:30:00]} {[%emt 00:00:05]} Nf6 {[%clk
01:30:00]} {[%emt 00:00:03]} 4. e3 {[%clk 01:30:00]} {[%emt 00:00:03]} Bf5
{[%clk 01:29:26]} {[%emt 00:00:45]} 5. cxd5 {[%clk 01:30:00]} {[%emt 00:00:06]}
cxd5 {[%clk 01:29:18]} {[%emt 00:00:18]} 6. Qb3 {[%clk 01:30:00]} {[%emt
00:00:06]} Qd7 {[%clk 01:29:03]} {[%emt 00:00:26]} 7. Bb5 {[%clk 01:29:24]}
{[%emt 00:00:45]} Nc6 {[%clk 01:29:03]} {[%emt 00:00:02]} 8. Nf3 {[%clk
01:28:30]} {[%emt 00:01:04]} a6 {[%clk 01:23:27]} {[%emt 00:05:46]} 9. Ne5
{[%clk 01:18:32]} {[%emt 00:10:07]} Qc8 {[%clk 01:22:49]} {[%emt 00:00:48]} 10.
Ba4 {[%clk 01:11:32]} {[%emt 00:07:11]} Bd7 {[%clk 01:21:55]} {[%emt 00:01:05]}
11. Nxd7 {[%clk 01:02:03]} {[%emt 00:09:39]} Qxd7 {[%clk 01:21:55]} {[%emt
00:00:02]} 12. Bd2 {[%clk 01:01:52]} {[%emt 00:00:21]} e6 {[%clk 01:20:57]}
{[%emt 00:01:08]} 13. Rc1 {[%clk 01:01:42]} {[%emt 00:00:20]} Rc8 {[%clk
01:20:57]} {[%emt 00:00:10]} 14. O-O {[%clk 00:59:30]} {[%emt 00:02:20]} Bd6
{[%clk 01:18:53]} {[%emt 00:02:15]} 15. Bxc6 {[%clk 00:53:18]} {[%emt
00:06:23]} Rxc6 {[%clk 01:15:34]} {[%emt 00:03:29]} 16. Ne2 {[%clk 00:51:19]}
{[%emt 00:02:08]} O-O {[%clk 01:12:19]} {[%emt 00:03:25]} 17. Rxc6 {[%clk
00:50:51]} {[%emt 00:00:38]} bxc6 {[%clk 01:11:11]} {[%emt 00:01:19]} 18. Rc1
{[%clk 00:46:25]} {[%emt 00:04:34]} Rb8 {[%clk 01:11:11]} {[%emt 00:00:08]} 19.
Qc2 {[%clk 00:45:58]} {[%emt 00:00:38]} Qc7 {[%clk 01:11:11]} {[%emt 00:00:11]}
20. g3 {[%clk 00:35:05]} {[%emt 00:11:02]} h6 {[%clk 01:07:35]} {[%emt
00:03:47]} 21. b3 {[%clk 00:31:35]} {[%emt 00:03:41]} Rc8 {[%clk 01:05:42]}
{[%emt 00:02:03]} 22. Qd3 {[%clk 00:31:13]} {[%emt 00:00:32]} Qb6 {[%clk
01:04:02]} {[%emt 00:01:49]} 23. Nc3 {[%clk 00:30:45]} {[%emt 00:00:38]} Nd7
{[%clk 01:00:47]} {[%emt 00:03:25]} 24. Na4 {[%clk 00:29:39]} {[%emt 00:01:16]}
Qb5 {[%clk 01:00:08]} {[%emt 00:00:49]} 25. Qxb5 {[%clk 00:27:33]} {[%emt
00:02:16]} axb5 {[%clk 01:00:08]} {[%emt 00:00:04]} 26. Nc5 {[%clk 00:27:32]}
{[%emt 00:00:11]} Bxc5 {[%clk 00:59:58]} {[%emt 00:00:19]} 27. dxc5 {[%clk
00:27:32]} {[%emt 00:00:06]} Ra8 {[%clk 00:59:58]} {[%emt 00:00:07]} 28. Rc2
{[%clk 00:27:18]} {[%emt 00:00:24]} e5 {[%clk 00:59:58]} {[%emt 00:00:02]} 29.
Bb4 {[%clk 00:26:39]} {[%emt 00:00:48]} f5 {[%clk 00:59:46]} {[%emt 00:00:23]}
30. f3 {[%clk 00:23:49]} {[%emt 00:03:00]} Kf7 {[%clk 00:57:23]} {[%emt
00:02:33]} 31. a3 {[%clk 00:21:21]} {[%emt 00:02:38]} Nb8 {[%clk 00:56:42]}
{[%emt 00:00:51]} 32. Kf2 {[%clk 00:20:14]} {[%emt 00:01:17]} Ke6 {[%clk
00:56:14]} {[%emt 00:00:38]} 33. Ke2 {[%clk 00:18:16]} {[%emt 00:02:08]} g5
{[%clk 00:55:35]} {[%emt 00:00:49]} 34. Kd2 {[%clk 00:15:02]} {[%emt 00:03:22]}
Na6 {[%clk 00:54:02]} {[%emt 00:01:44]} 35. Kc3 {[%clk 00:11:59]} {[%emt
00:03:13]} Rd8 {[%clk 00:52:51]} {[%emt 00:01:22]} 36. Rd2 {[%clk 00:11:38]}
{[%emt 00:00:31]} h5 {[%clk 00:52:50]} {[%emt 00:00:10]} 37. h3 {[%clk
00:07:09]} {[%emt 00:04:39]} Rg8 {[%clk 00:52:38]} {[%emt 00:00:22]} 38. Rh2
{[%clk 00:04:52]} {[%emt 00:02:27]} f4 {[%clk 00:51:27]} {[%emt 00:01:20]} 39.
exf4 {[%clk 00:04:38]} {[%emt 00:00:24]} gxf4 {[%clk 00:51:27]} {[%emt
00:00:06]} 40. g4 {[%clk 00:04:36]} {[%emt 00:00:12]} d4+ {[%clk 00:48:19]}
{[%emt 00:03:19]} 41. Kd3 {[%clk 00:04:29]} {[%emt 00:00:17]} Kd5 {[%clk
00:48:19]} {[%emt 00:00:06]} 42. Re2 {[%clk 00:04:04]} {[%emt 00:00:34]} hxg4
{[%clk 00:47:53]} {[%emt 00:00:36]} 43. hxg4 {[%clk 00:04:04]} {[%emt
00:00:02]} Rh8 {[%clk 00:47:53]} {[%emt 00:00:03]} 44. Rg2 {[%clk 00:02:45]}
{[%emt 00:01:29]} Rh3 {[%clk 00:47:53]} {[%emt 00:00:03]} 45. Ke2 {[%clk
00:02:45]} {[%emt 00:00:08]} e4 {[%clk 00:47:51]} {[%emt 00:00:14]} 46. Ke1
{[%clk 00:02:38]} {[%emt 00:00:18]} 0-1

[Event "2024 National Middle School Championship"]
[Site "Atlanta, Georgia, United States"]
[Date "2024.05.11"]
[Round "5.11"]
[White "Vuyyuru, Shriyan"]
[Black "Meng, Joshua"]
[Result "0-1"]
[TimeControl "G/90;d10"]
[WhiteElo "1912"]
[BlackElo "2091"]

1. d4 {[%clk 01:29:58]} {[%emt 00:00:12]} Nf6 {[%clk 01:30:00]} {[%emt
00:00:02]} 2. Nf3 {[%clk 01:29:58]} {[%emt 00:00:09]} d6 {[%clk 01:30:00]}
{[%emt 00:00:03]} 3. c4 {[%clk 01:29:53]} {[%emt 00:00:14]} Nbd7 {[%clk
01:30:00]} {[%emt 00:00:02]} 4. g3 {[%clk 01:29:39]} {[%emt 00:00:24]} e5
{[%clk 01:30:00]} {[%emt 00:00:03]} 5. dxe5 {[%clk 01:29:34]} {[%emt 00:00:15]}
dxe5 {[%clk 01:30:00]} {[%emt 00:00:02]} 6. Bg2 {[%clk 01:29:22]} {[%emt
00:00:21]} g6 {[%clk 01:29:36]} {[%emt 00:00:35]} 7. O-O {[%clk 01:28:41]}
{[%emt 00:00:50]} Bg7 {[%clk 01:29:36]} {[%emt 00:00:10]} 8. Nc3 {[%clk
01:28:10]} {[%emt 00:00:40]} O-O {[%clk 01:29:08]} {[%emt 00:00:39]} 9. b3
{[%clk 01:24:52]} {[%emt 00:03:28]} Qe7 {[%clk 01:16:21]} {[%emt 00:12:58]} 10.
Qc2 {[%clk 01:13:56]} {[%emt 00:11:04]} Re8 {[%clk 01:05:01]} {[%emt 00:11:32]}
11. e4 {[%clk 01:10:56]} {[%emt 00:03:08]} c6 {[%clk 01:01:44]} {[%emt
00:03:28]} 12. Bb2 {[%clk 01:10:16]} {[%emt 00:00:51]} Nc5 {[%clk 00:58:54]}
{[%emt 00:03:00]} 13. Ba3 {[%clk 01:04:46]} {[%emt 00:05:40]} Bg4 {[%clk
00:57:40]} {[%emt 00:01:24]} 14. Rfe1 {[%clk 01:02:28]} {[%emt 00:02:26]} Nfd7
{[%clk 00:54:24]} {[%emt 00:03:28]} 15. h3 {[%clk 00:58:35]} {[%emt 00:04:02]}
Bxf3 {[%clk 00:54:24]} {[%emt 00:00:05]} 16. Bxf3 {[%clk 00:58:35]} {[%emt
00:00:09]} h5 {[%clk 00:51:04]} {[%emt 00:03:30]} 17. Na4 {[%clk 00:55:40]}
{[%emt 00:03:03]} b6 {[%clk 00:48:50]} {[%emt 00:02:26]} 18. Rad1 {[%clk
00:54:58]} {[%emt 00:00:51]} Nf8 {[%clk 00:46:41]} {[%emt 00:02:20]} 19. Nxc5
{[%clk 00:53:11]} {[%emt 00:01:57]} bxc5 {[%clk 00:46:41]} {[%emt 00:00:03]} 20.
Qd2 {[%clk 00:52:54]} {[%emt 00:00:26]} Ne6 {[%clk 00:45:43]} {[%emt 00:01:10]}
21. Bg2 {[%clk 00:51:39]} {[%emt 00:01:23]} Red8 {[%clk 00:40:03]} {[%emt
00:05:52]} 22. Qa5 {[%clk 00:49:27]} {[%emt 00:02:21]} Bf8 {[%clk 00:39:49]}
{[%emt 00:00:24]} 23. Bb2 {[%clk 00:40:08]} {[%emt 00:09:29]} f6 {[%clk
00:35:26]} {[%emt 00:04:33]} 24. Kh1 {[%clk 00:34:12]} {[%emt 00:06:05]} Rd6
{[%clk 00:32:28]} {[%emt 00:03:09]} 25. Rxd6 {[%clk 00:33:22]} {[%emt
00:00:55]} Qxd6 {[%clk 00:32:28]} 26. f4 {[%clk 00:28:57]} {[%emt 00:04:39]}
Bh6 {[%clk 00:24:20]} {[%emt 00:08:18]} 27. fxe5 {[%clk 00:26:19]} {[%emt
00:02:49]} fxe5 {[%clk 00:24:20]} 28. b4 {[%clk 00:23:57]} {[%emt 00:02:32]}
Qd2 {[%clk 00:23:27]} {[%emt 00:01:03]} 29. Rf1 {[%clk 00:23:07]} {[%emt
00:01:00]} Qxb2 {[%clk 00:23:22]} {[%emt 00:00:16]} 30. Rf6 {[%clk 00:22:57]}
{[%emt 00:00:18]} Nf4 {[%clk 00:22:13]} {[%emt 00:01:20]} 31. gxf4 {[%clk
00:21:50]} {[%emt 00:01:17]} Qc1+ {[%clk 00:22:13]} {[%emt 00:00:01]} 32. Kh2
{[%clk 00:20:30]} {[%emt 00:01:30]} Bxf4+ {[%clk 00:22:13]} {[%emt 00:00:08]}
33. Rxf4 {[%clk 00:20:30]} {[%emt 00:00:06]} Qxf4+ {[%clk 00:22:13]} {[%emt
00:00:02]} 34. Kh1 {[%clk 00:20:25]} {[%emt 00:00:14]} cxb4 {[%clk 00:21:17]}
{[%emt 00:01:07]} 35. Qxb4 {[%clk 00:20:24]} {[%emt 00:00:11]} Rd8 {[%clk
00:21:17]} {[%emt 00:00:10]} 36. Qe1 {[%clk 00:20:09]} {[%emt 00:00:24]} Rd3
{[%clk 00:20:56]} {[%emt 00:00:31]} 37. c5 {[%clk 00:19:59]} {[%emt 00:00:19]}
Qd2 {[%clk 00:19:37]} {[%emt 00:01:30]} 38. Qg1 {[%clk 00:19:36]} {[%emt
00:00:33]} Qe2 {[%clk 00:18:13]} {[%emt 00:01:34]} 39. Bf1 {[%clk 00:18:38]}
{[%emt 00:01:08]} Qxe4+ {[%clk 00:18:13]} {[%emt 00:00:06]} 40. Bg2 {[%clk
00:18:38]} {[%emt 00:00:08]} Rxh3+ {[%clk 00:18:13]} {[%emt 00:00:03]} 0-1

[Event "2024 National Middle School Championship"]
[Site "Atlanta, Georgia, United States"]
[Date "2024.05.11"]
[Round "5.13"]
[White "Wang, Eric"]
[Black "Degeest, Rocco Jan"]
[Result "0-1"]
[TimeControl "G/90;d10"]
[WhiteElo "2048"]
[BlackElo "1888"]

1. d4 {[%clk 01:30:00]} {[%emt 00:05:26]} Nf6 {[%clk 01:30:00]} {[%emt
00:00:05]} 2. Nf3 {[%clk 01:30:00]} {[%emt 00:00:03]} g6 {[%clk 01:30:00]}
{[%emt 00:00:04]} 3. Nc3 {[%clk 01:30:00]} {[%emt 00:00:03]} d6 {[%clk
01:30:00]} {[%emt 00:00:09]} 4. e4 {[%clk 01:30:00]} {[%emt 00:00:04]} Bg7
{[%clk 01:30:00]} {[%emt 00:00:03]} 5. Be2 {[%clk 01:30:00]} {[%emt 00:00:03]}
O-O {[%clk 01:30:00]} {[%emt 00:00:05]} 6. O-O {[%clk 01:30:00]} {[%emt
00:00:02]} Bg4 {[%clk 01:29:47]} {[%emt 00:00:23]} 7. Re1 {[%clk 01:29:55]}
{[%emt 00:00:15]} e6 {[%clk 01:29:28]} {[%emt 00:00:30]} 8. Be3 {[%clk
01:29:55]} {[%emt 00:00:08]} Nc6 {[%clk 01:29:27]} {[%emt 00:00:12]} 9. Qd2
{[%clk 01:29:23]} {[%emt 00:00:42]} a6 {[%clk 01:28:44]} {[%emt 00:00:54]} 10.
Rad1 {[%clk 01:28:56]} {[%emt 00:00:36]} b5 {[%clk 01:28:08]} {[%emt 00:00:46]}
11. h3 {[%clk 01:27:36]} {[%emt 00:01:30]} Bxf3 {[%clk 01:28:06]} {[%emt
00:00:12]} 12. Bxf3 {[%clk 01:27:36]} {[%emt 00:00:04]} e5 {[%clk 01:26:53]}
{[%emt 00:01:23]} 13. Ne2 {[%clk 01:19:45]} {[%emt 00:08:01]} exd4 {[%clk
01:26:16]} {[%emt 00:00:47]} 14. Nxd4 {[%clk 01:19:38]} {[%emt 00:00:18]} Ne5
{[%clk 01:26:12]} {[%emt 00:00:14]} 15. b3 {[%clk 01:18:54]} {[%emt 00:00:54]}
c5 {[%clk 01:26:09]} {[%emt 00:00:13]} 16. Ne2 {[%clk 01:18:54]} {[%emt
00:00:03]} Nxf3+ {[%clk 01:25:43]} {[%emt 00:00:36]} 17. gxf3 {[%clk 01:18:54]}
{[%emt 00:00:05]} Qd7 {[%clk 01:22:37]} {[%emt 00:03:16]} 18. Qxd6 {[%clk
01:18:38]} {[%emt 00:00:26]} Qxh3 {[%clk 01:21:34]} {[%emt 00:01:13]} 19. Qg3
{[%clk 01:18:38]} {[%emt 00:00:05]} Qc8 {[%clk 01:16:59]} {[%emt 00:04:46]} 20.
Nf4 {[%clk 01:17:41]} {[%emt 00:01:06]} Rd8 {[%clk 01:10:09]} {[%emt 00:07:00]}
21. c4 {[%clk 01:13:54]} {[%emt 00:03:57]} Qc7 {[%clk 01:04:11]} {[%emt
00:06:08]} 22. Nd3 {[%clk 01:13:45]} {[%emt 00:00:18]} Qa5 {[%clk 01:03:41]}
{[%emt 00:00:41]} 23. Nxc5 {[%clk 01:12:04]} {[%emt 00:01:51]} Nh5 {[%clk
01:00:55]} {[%emt 00:02:55]} 24. Nb7 {[%clk 00:59:28]} {[%emt 00:12:46]} Rxd1
{[%clk 00:57:01]} {[%emt 00:04:04]} 25. Rxd1 {[%clk 00:59:26]} {[%emt
00:00:12]} Qxa2 {[%clk 00:57:01]} {[%emt 00:00:06]} 26. Qc7 {[%clk 00:59:23]}
{[%emt 00:00:13]} h6 {[%clk 00:53:49]} {[%emt 00:03:22]} 27. cxb5 {[%clk
00:58:58]} {[%emt 00:00:35]} axb5 {[%clk 00:53:32]} {[%emt 00:00:27]} 28. Nd8
{[%clk 00:50:02]} {[%emt 00:09:06]} Qxb3 {[%clk 00:52:30]} {[%emt 00:01:13]} 29.
Rd5 {[%clk 00:50:02]} {[%emt 00:00:03]} Ra1+ {[%clk 00:52:30]} {[%emt
00:00:09]} 30. Kg2 {[%clk 00:49:46]} {[%emt 00:00:26]} Qb1 {[%clk 00:52:27]}
{[%emt 00:00:13]} 31. Qxf7+ {[%clk 00:49:43]} {[%emt 00:00:12]} Kh7 {[%clk
00:52:27]} {[%emt 00:00:09]} 32. Rxh5 {[%clk 00:48:50]} {[%emt 00:01:03]} Qg1+
{[%clk 00:52:18]} {[%emt 00:00:20]} 33. Kh3 {[%clk 00:48:24]} {[%emt 00:00:35]}
Qh1+ {[%clk 00:52:18]} {[%emt 00:00:06]} 34. Kg3 {[%clk 00:48:24]} {[%emt
00:00:12]} Rg1+ {[%clk 00:52:12]} {[%emt 00:00:16]} 35. Kf4 {[%clk 00:48:22]}
{[%emt 00:00:12]} Qxh5 {[%clk 00:52:12]} {[%emt 00:00:05]} 0-1

[Event "2024 National Middle School Championship"]
[Site "Atlanta, Georgia, United States"]
[Date "2024.05.11"]
[Round "5.14"]
[White "He, Justin Shandong"]
[Black "Rallabandi, Krishna R"]
[Result "1/2-1/2"]
[TimeControl "G/90;d10"]
[WhiteElo "1877"]
[BlackElo "2046"]

1. e4 {[%clk 01:30:00]} e5 {[%clk 01:30:00]} {[%emt 00:00:04]} 2. Nf3 {[%clk
01:30:00]} {[%emt 00:00:03]} Nc6 {[%clk 01:30:00]} {[%emt 00:00:04]} 3. Bb5
{[%clk 01:30:00]} {[%emt 00:00:03]} a6 {[%clk 01:30:00]} {[%emt 00:00:02]} 4.
Ba4 {[%clk 01:30:00]} {[%emt 00:00:03]} Nf6 {[%clk 01:30:00]} {[%emt 00:00:04]}
5. d3 {[%clk 01:30:00]} {[%emt 00:00:04]} b5 {[%clk 01:30:00]} {[%emt
00:00:03]} 6. Bb3 {[%clk 01:30:00]} {[%emt 00:00:03]} Bc5 {[%clk 01:30:00]}
{[%emt 00:00:05]} 7. O-O {[%clk 01:29:52]} {[%emt 00:00:19]} d6 {[%clk
01:30:00]} {[%emt 00:00:03]} 8. c3 {[%clk 01:29:52]} {[%emt 00:00:04]} h6
{[%clk 01:29:53]} {[%emt 00:00:17]} 9. h3 {[%clk 01:29:39]} {[%emt 00:00:23]}
O-O {[%clk 01:29:53]} {[%emt 00:00:06]} 10. Re1 {[%clk 01:29:39]} {[%emt
00:00:06]} Bb6 {[%clk 01:29:43]} {[%emt 00:00:20]} 11. Nbd2 {[%clk 01:29:03]}
{[%emt 00:00:47]} Ne7 {[%clk 01:29:35]} {[%emt 00:00:18]} 12. Nf1 {[%clk
01:28:59]} {[%emt 00:00:14]} Ng6 {[%clk 01:29:13]} {[%emt 00:00:32]} 13. Ng3
{[%clk 01:28:59]} {[%emt 00:00:05]} Re8 {[%clk 01:29:05]} {[%emt 00:00:18]} 14.
a4 {[%clk 01:23:46]} {[%emt 00:05:23]} Rb8 {[%clk 01:29:05]} {[%emt 00:00:08]}
15. axb5 {[%clk 01:21:54]} {[%emt 00:02:02]} axb5 {[%clk 01:28:55]} {[%emt
00:00:20]} 16. d4 {[%clk 01:20:39]} {[%emt 00:01:25]} c5 {[%clk 01:26:19]}
{[%emt 00:02:46]} 17. d5 {[%clk 01:18:31]} {[%emt 00:02:18]} Bd7 {[%clk
01:21:37]} {[%emt 00:04:51]} 18. Nh2 {[%clk 01:14:40]} {[%emt 00:04:02]} Nf4
{[%clk 01:15:43]} {[%emt 00:06:04]} 19. Qf3 {[%clk 01:07:16]} {[%emt 00:07:34]}
g5 {[%clk 01:12:42]} {[%emt 00:03:11]} 20. Ng4 {[%clk 01:05:26]} {[%emt
00:02:00]} Nxg4 {[%clk 01:03:23]} {[%emt 00:09:29]} 21. hxg4 {[%clk 01:03:33]}
{[%emt 00:02:02]} c4 {[%clk 01:01:03]} {[%emt 00:02:31]} 22. Bc2 {[%clk
01:03:24]} {[%emt 00:00:18]} Kh7 {[%clk 00:48:27]} {[%emt 00:12:47]} 23. Be3
{[%clk 00:59:26]} {[%emt 00:04:08]} Rg8 {[%clk 00:44:18]} {[%emt 00:04:19]} 24.
Bxb6 {[%emt 00:08:39]} Qxb6 {[%clk 00:42:44]} {[%emt 00:01:33]} 25. Nf5 {[%clk
00:48:59]} {[%emt 00:02:18]} f6 {[%clk 00:32:36]} {[%emt 00:10:19]} 26. g3
{[%clk 00:47:05]} {[%emt 00:02:04]} Ng6 {[%clk 00:32:18]} {[%emt 00:00:28]} 27.
Kg2 {[%clk 00:45:42]} {[%emt 00:01:33]} Bxf5 {[%clk 00:31:16]} {[%emt
00:01:11]} 28. gxf5 {[%clk 00:45:26]} {[%emt 00:00:26]} Ne7 {[%clk 00:28:41]}
{[%emt 00:02:46]} 29. Qh5 {[%clk 00:45:05]} {[%emt 00:00:30]} Kg7 {[%clk
00:28:13]} {[%emt 00:00:38]} 1/2-1/2